000 00501nam a2200169Ia 4500
008 240729s9999 xx 000 0 und d
022 _a2047-7716
245 0 _aCambridge Journal of Anthropology
260 _aUnited States
260 _bBerghahn Books
650 _a Anthropology
650 _a Ethnology. Social and cultural anthropology
650 _aGeography. Anthropology. Recreation
856 _uhttps://doaj.org/toc/cd30bc7442d64ec49a6f5d7efdad73fb
942 _2ddc
942 _cDOAJEJ
999 _c72915
_d72915
945 _a1
_bMadushi Gamage
_c1
_dMadushi Gamage